<?xml version="1.0" encoding="UTF-8"?>
<collection xmlns="http://www.loc.gov/MARC21/slim">
 <record>
  <leader>00690pamaa2200181   4500</leader>
  <controlfield tag="001">0000032557</controlfield>
  <controlfield tag="005">20070926090000.0</controlfield>
  <datafield tag="020" ind1="0" ind2="0">
   <subfield code="a">0130100110 </subfield>
  </datafield>
  <datafield tag="082" ind1=" " ind2=" ">
   <subfield code="a">611 MAR 2000</subfield>
  </datafield>
  <datafield tag="090" ind1="0" ind2="0">
   <subfield code="a">QM23.2 </subfield>
   <subfield code="b">MAR 2000</subfield>
  </datafield>
  <datafield tag="100" ind1="1" ind2="0">
   <subfield code="a">Martini </subfield>
  </datafield>
  <datafield tag="245" ind1="1" ind2="0">
   <subfield code="a">Human anatomy  </subfield>
   <subfield code="c">Frederic H. Martini, Michael J. Timmons, Michael P. Mckinley with Willam C. Ober art coordinator and illustrator, Claire W. Garrison illustrator, Kathleen Welch clinical consultant and Ralph T. Hutchings biomedical photographer.</subfield>
  </datafield>
  <datafield tag="250" ind1="0" ind2="0">
   <subfield code="a">3rd ed.</subfield>
  </datafield>
  <datafield tag="260" ind1="0" ind2="0">
   <subfield code="a">New Jersey: </subfield>
   <subfield code="b">Prentice Hall, </subfield>
   <subfield code="c">2000.</subfield>
  </datafield>
  <datafield tag="300" ind1=" " ind2=" ">
   <subfield code="a">xxx, 866p.: </subfield>
   <subfield code="b">col. ill.; </subfield>
   <subfield code="c">30cm.</subfield>
  </datafield>
  <datafield tag="650" ind1="0" ind2="0">
   <subfield code="a">Human anatomy </subfield>
  </datafield>
  <datafield tag="700" ind1="1" ind2="1">
   <subfield code="a">Timmons, </subfield>
   <subfield code="h">Michael J </subfield>
  </datafield>
  <datafield tag="700" ind1="1" ind2="1">
   <subfield code="a">Mckinley, </subfield>
   <subfield code="h">Michael P </subfield>
  </datafield>
 </record>
</collection>
